La lengua española en la epoca de Carlos V y otras cuestiones de lingüistica y filologia / (Record no. 69384)

MARC details
000 -LEADER
campo de control de longitud fija 00744nam a2200217 i 4500
001 - NÚMERO DE CONTROL
campo de control 69384
003 - IDENTIFICADOR DE NÚMERO DE CONTROL
campo de control ES-MaACL
005 - FECHA Y HORA DE LA ÚLTIMA TRANSACCIÓN
campo de control 20250920063045.0
007 - CAMPO FIJO DE DESCRIPCIÓN FÍSICA--INFORMACIÓN GENERAL
campo de control de longitud fija t|
008 - DATOS DE LONGITUD FIJA--INFORMACIÓN GENERAL
campo de control de longitud fija 040705s1967 sp ||||1| spa d
100 1# - ENTRADA PRINCIPAL--NOMBRE DE PERSONA
Nombre de persona García Blanco, Manuel,
Fechas asociadas al nombre 1902-1966
9 (RLIN) 54272
245 13 - MENCIÓN DEL TÍTULO
Título La lengua española en la epoca de Carlos V y otras cuestiones de lingüistica y filologia /
Mención de responsabilidad, etc. Manuel García Blanco.
260 ## - PUBLICACIÓN, DISTRIBUCIÓN, ETC.
Lugar de publicación, distribución, etc. [Madrid] :
Nombre del editor, distribuidor, etc. Escelicer,
Fecha de publicación, distribución, etc. [1967]
300 ## - DESCRIPCIÓN FÍSICA
Extensión 309 p. ;
Dimensiones 19 cm.
490 1# - MENCIÓN DE SERIE
Mención de serie Colección "21" ;
Designación de volumen o secuencia 15
650 04 - PUNTO DE ACCESO ADICIONAL DE MATERIA--TÉRMINO DE MATERIA
Término de materia o nombre geográfico como elemento de entrada Lengua española-
Subdivisión de forma Historia.
9 (RLIN) 14166
650 04 - PUNTO DE ACCESO ADICIONAL DE MATERIA--TÉRMINO DE MATERIA
Término de materia o nombre geográfico como elemento de entrada Lengua española-
Subdivisión general Lexicología.
9 (RLIN) 14172
830 0# - PUNTO DE ACCESO ADICIONAL DE SERIE-TÍTULO UNIFORME
Título uniforme Colección "21" ;
Designación de volumen o secuencia 15
9 (RLIN) 180842
852 ## - LOCALIZACIÓN
Ubicación ES-MaACL
Número de control de estantería C-34248
Sublocalización o colección R.64924
Holdings
Estatus retirado Estado de pérdida Estado de daño No para préstamo Biblioteca de origen Biblioteca actual Ubicación en estantería Fecha de adquisición Fuente de adquisición Total de préstamos Signatura topográfica completa Código de barras Visto por última vez Precio de reemplazo Tipo de ítem Koha
        Biblioteca del Ateneo de Madrid Biblioteca del Ateneo de Madrid Depósito 2 17/01/2008     C-34248 1072655 23/02/2023 23/02/2023 Libro impreso